| 000 | 00815nam a2200313Ia 4500 | ||
|---|---|---|---|
| 003 | OSt | ||
| 005 | 20221006144343.0 | ||
| 006 | a|||||r|||| 00| 0 | ||
| 007 | ta | ||
| 008 | 221006b |||||||| |||| 00| 0 eng d | ||
| 020 | _c8.00 | ||
| 024 | _a11,494 | ||
| 037 | _cTextual | ||
| 040 |
_aEASL _cEASL _beng |
||
| 041 |
_2eng _aeng |
||
| 082 | _aU8.41.N5, J3 | ||
| 100 | _aFELTON Monica | ||
| 245 | 0 | _aThat's Why I Went | |
| 260 |
_aLondon _bLawrence & Wishart _c1953 |
||
| 300 |
_a168p. _ccm. |
||
| 490 | _v CEL | ||
| 650 | _a CEL | ||
| 650 |
_a China - Prague _9651767 |
||
| 650 |
_a China - Pyong Yang _9651768 |
||
| 650 |
_a China Across Siberia _9651769 |
||
| 650 |
_aChina - Departure _9651770 |
||
| 942 |
_hU8.41.N5, J3 _cTEXL _2CC |
||
| 999 |
_c1079580 _d1079580 |
||